Gaming Quiz

Random Gaming Quiz

Gods Killed by Kratos Quiz Stats

 Plays Quiz not verified by Sporcle

Challenge
Share
Tweet
Embed
Score 0/11 Timer 10:00
1 Play Today
Game God % Correct
God of War IIIZeus
96.4%
God of WarAres
94.6%
God of War IIIPoseidon
86.8%
God of War IIIHades
86.8%
God of War IIIHera
80.8%
God of War IIAthena
80.2%
God of War IIIHermes
79%
God of War IIIHelios
56.3%
God of War IIIHephaestus
53.3%
Chains of OlympusPersephone
51.5%
Ghost of SpartaThanatos
34.1%

You're not logged in!

Compare scores with friends on all Sporcle quizzes.
OR
Log In

You Might Also Like...

Show Comments

Extras

Top Quizzes Today


Score Distribution

Your Account Isn't Verified!

In order to create a playlist on Sporcle, you need to verify the email address you used during registration. Go to your Sporcle Settings to finish the process.

Report this User

Report this user for behavior that violates our Community Guidelines.

Details: